| 000 | 00699nam a22002172 4500 | ||
|---|---|---|---|
| 001 | 0000001399 | ||
| 005 | 20151217151816.0 | ||
| 008 | 070308s xx 000 0 eng d | ||
| 040 |
_aKABU _cKABU |
||
| 050 | 0 |
_aHC79 _b.E5B37 |
|
| 100 | 1 |
_aBarbier, E. B. _@0000150101 |
|
| 245 | 1 | 0 |
_aParadise lost? : _bthe ecological economics of biodiversity / _cEdward B. Barbier, Joanne C. Burgess and Carol Folke. |
| 260 |
_aLondon : _bEarthscan, _c1995. |
||
| 300 | _aix, 267 p. | ||
| 650 | 0 |
_aEnvironmental economics. _@0000150102 |
|
| 700 | 1 |
_aBurgess, Joanne. _@0000150103 |
|
| 700 | 1 |
_aFolke, Carl. _@0000150104 |
|
| 908 | _a070308 | ||
| 950 | _@1 | ||
| 999 |
_c5234 _d5234 |
||